Portrait of a Decade : The Second American Revolution /

Uloženo v:
Podrobná bibliografie
Hlavní autor: Lewis, Anthony (autor)
Médium: Kniha
Jazyk:angličtina
Vydáno: Nueva York, EUA : Bantam Books, 1965, c1964
Tagy: Přidat tag
Žádné tagy, Buďte první, kdo vytvoří štítek k tomuto záznamu!

MARC

LEADER 00000nam^a2200000^a^4500
001 000265958
005 20250521000000.0
008 070827 19651964
009 20260310110735.509
037 |a Acervo ITESO - Biblioteca 
041 |a ING 
082 |a 323. 1196073  |b LEW 
100 |a Lewis, Anthony  |e (autor) 
245 1 0 |a Portrait of a Decade :  |b The Second American Revolution /  |c A. Lewis. 
264 4 |a Nueva York, EUA :  |b Bantam Books,  |c 1965, c1964 
300 |a XIII, 273 p. 
336 |a texto  |b txt  |2 rdacontenido 
337 |a sin mediación  |b n  |2 rdamedio 
338 |a volumen  |b nc  |2 rdasoporte 
649 |a XX 
910 |a Fondo General 
920 |a Impresos - Libros 
930 |a Colección General 
905 |a 101 
901 |a 0500149249  |b IT1  |c ACC  |u 20250521 
902 |a https://opac.biblio.iteso.mx/vufind/Record/000265958